000
00252nam a2200097Ia 4500
001
800779
005
20250826171025.0
008
250824s9999 xx 000 0 und d
245
0
_a
KOVUN BENİBU OKULDAN
_c
HALENUR ÇALIŞAN GÜRBÜZ
260
_b
TAZE KİTAP
999
_c
800779
_d
800779